000 00370nam a22001217a 4500
008 181126b xxu||||| |||| 00| 0 eng d
041 _aeng
080 _a043.3
100 _a0
101 _aMTH-SHKI
245 _aNderveprimi dixhital ne mes te qytetareve dhe administrates lokale- rast studimi qendra per sherbime te qytetareve ne Ferizaj
_cJakupi, L
942 _2udc
_cBK
999 _c52540
_d52540